Reklama? Chce to jen nápad!

Otázka, prečo reklama, ktorá bola po dlhé roky oporou predaja a podnikania, zrazu stráca na účinnosti. Internet - silná konkurencia klasickým médiám. Nové nápady v reklame. Osobné doporučenie spokojných zákazníkov - vysoko účinná forma propagácie. Alternatívne reklamné metódy - častokrát menej nákla...

ver descrição completa

Na minha lista:
Detalhes bibliográficos
Autor principal: Toman, Miloš
Formato: Capítulo de Livro
Idioma:tcheco
Assuntos:
Tags: Adicionar Tag
Sem tags, seja o primeiro a adicionar uma tag!

MARC

LEADER 00000naa$a2200000$$$4500
001 0086089
005 20231009111424.5
041 0 |a cze 
044 |a SK 
245 1 0 |a Reklama? Chce to jen nápad!  |c Miloš Toman 
520 |a Otázka, prečo reklama, ktorá bola po dlhé roky oporou predaja a podnikania, zrazu stráca na účinnosti. Internet - silná konkurencia klasickým médiám. Nové nápady v reklame. Osobné doporučenie spokojných zákazníkov - vysoko účinná forma propagácie. Alternatívne reklamné metódy - častokrát menej nákladné a prinášajúce výsledky tam, kde klasická forma reklamy zlyhala. 
610 2 0 |a reklama 
610 2 0 |a propagácia 
610 2 0 |a zákazníci 
610 2 0 |a hotelierstvo 
610 2 0 |a hotely 
100 1 |a Toman, Miloš